000
00225 a2200097 4500
001
55336
100
_a
245
_a
Adventures of huckleberry finn
260
_a
Spain
_b
Chilton Book Co
_c
2004
090
_c
34323
_d
34323
942
_a
NUST-CAE
_c
MONOGRAPH
_c
27029
999
_c
290409
_d
290409